| 000 | 00487nam a22001577a 4500 | ||
|---|---|---|---|
| 003 | OSt | ||
| 005 | 20151119141634.0 | ||
| 008 | 151119b xxu||||| |||| 00| 0 eng d | ||
| 040 | _cRUA | ||
| 082 | _aFIS គាង 1996 B163 Or.1 | ||
| 100 |
_93932 _aគាង សេង |
||
| 245 | _aការប្រមូលកូនត្រីទីឡាព្យាពីស្រះ និងហាប៉ា | ||
| 260 |
_aPhnom penh _bRUA _c1996 |
||
| 300 |
_a77p. _bill. _c29cm. |
||
| 942 |
_2ddc _cFIS |
||
| 999 |
_c3658 _d3658 |
||